|
|
|
|
| LEADER |
01175nam a2200265 a 4500 |
| 001 |
3585993 |
| 008 |
090701r19881975enka b 000 0 eng d |
| 010 |
|
|
|a 64004000
|
| 020 |
|
|
|a 0140552111
|
| 040 |
|
|
|a DLC
|c DLC
|d DLC
|
| 082 |
0 |
0 |
|a 709.035
|2 18
|
| 100 |
1 |
|
|a Pevsner, Nikolaus,
|d 1902-1983.
|
| 240 |
1 |
0 |
|a Pioneers of the modern movement
|
| 245 |
1 |
0 |
|a Pioneers of modern design :
|b from William Morris to Walter Gropius./
|c Nikolaus Pevsner
|
| 260 |
|
|
|a Harmondsworth, Middlesex
|b Penguin Books
|c 1975 [Reprinted 1988]
|
| 300 |
|
|
|a 264 p.
|b illus.
|c 20 cm.
|
| 490 |
1 |
|
|a Pelican books,
|v A497
|
| 500 |
|
|
|a First published in 1936 under title: Pioneers of the modern movement, from William Morris to Walter Gropius.
|
| 504 |
|
|
|a Includes Bibliographical references (p. 219-240) and index.
|
| 541 |
1 |
|
|e 00008398
|
| 650 |
|
0 |
|a Art, Modern
|y 19th century.
|
| 650 |
|
0 |
|a Art, Modern
|y 20th century.
|
| 852 |
4 |
|
|a Ayesha Abed Library
|j General shelf
|
| 999 |
|
|
|c 1929
|d 1929
|
| 952 |
|
|
|0 0
|1 0
|2 ddc
|4 0
|6 709_035000000000000_PEN
|7 0
|9 1770
|a BRACUL
|b BRACUL
|c GEN
|d 2009-07-01
|g 0.00
|l 1
|o 709.035 PEN
|p 3010008398
|r 2025-12-07
|s 2025-12-01
|t 1
|w 2009-07-01
|y BK
|x No price found in the accession register.
|